| 000 | 00545nam a2200181Ia 4500 | ||
|---|---|---|---|
| 005 | 20250326141211.0 | ||
| 008 | 250326s9999 xx 000 0 und d | ||
| 037 | _aTextbook | ||
| 040 |
_aFMSL _beng _cFMSL |
||
| 041 |
_aeng _2eng |
||
| 084 |
_aX:51obD658(B) N2 _qFMSL |
||
| 100 |
_aChapman R G _9743754 |
||
| 245 | 0 |
_aBrandmaps: The competitive marketing strategy game _cChapman R G |
|
| 260 |
_aEnglewood _bEnglewood, Prentice-Hall _c1992 |
||
| 300 | _a158p | ||
| 942 |
_cTB _hX:51obD658(B) N2 |
||
| 999 |
_c1289185 _d1289185 |
||